|
|
|
|
| LEADER |
00000nas a2200000 i 4500 |
| 001 |
ssj0000993223 |
| 003 |
WaSeSS |
| 005 |
20200512172242.0 |
| 006 |
m d |
| 007 |
cr n |
| 008 |
130905c20129999gw qr p s 0 0eng c |
| 010 |
|
|
|a 2013268606
|
| 022 |
|
|
|a 2194-7384
|
| 035 |
|
|
|a (WaSeSS)ssj0000993223
|
| 037 |
|
|
|a 22573/ctvccpwps
|b JSTOR
|
| 040 |
|
|
|a CNCGM
|b eng
|c CNCGM
|d SERSO
|d OCLCQ
|d OCLCF
|d OCLCQ
|d NTG
|d CUS
|d TEF
|d WaSeSS
|
| 042 |
|
|
|a pcc
|
| 050 |
|
4 |
|a KJE5632.A15
|b E9766
|
| 082 |
0 |
4 |
|a 352
|2 23
|
| 245 |
0 |
0 |
|a European procurement & public private partnership law review
|h [electronic resource] :
|b EPPPL.
|
| 246 |
1 |
|
|a EPPPL
|
| 246 |
1 |
|
|a European procurement and public private partnership law review
|
| 260 |
|
|
|a Berlin :
|b Lexxion,
|c 2012-
|
| 310 |
|
|
|a Quarterly
|
| 362 |
1 |
|
|a Began with: Issue 1 (2012).
|
| 506 |
|
|
|a License restrictions may limit access.
|
| 588 |
|
|
|a Description based on: Issue 1 (2012); title from banner (Lexxion.de, viewed Sep. 16, 2013).
|
| 588 |
|
|
|a Latest issue consulted: Issue 2 (2013) (viewed Sep. 16, 2013).
|
| 650 |
|
0 |
|a Public-private sector cooperation
|x Law and legislation
|v Periodicals.
|
| 650 |
|
0 |
|a Government purchasing
|x Law and legislation
|v Periodicals.
|
| 650 |
|
7 |
|a Government purchasing
|x Law and legislation.
|2 fast
|0 (OCoLC)fst00945560
|
| 650 |
|
7 |
|a Public-private sector cooperation
|x Law and legislation.
|2 fast
|0 (OCoLC)fst01426389
|
| 655 |
|
0 |
|a Electronic journals.
|
| 780 |
0 |
0 |
|t European public private partnership law review
|w (DLC) 2010267072
|w (OCoLC)229135877
|
| 856 |
4 |
0 |
|z Full text available from Research Library: 01/01/2010 to 1 year ago
|u https://search.proquest.com/publication/136208
|